[Event "I. CLANSKA LIGA ZAHOD 2025"]
[Site "Komenda"]
[Date "2025.10.25"]
[Round "8.4"]
[White "Gregoric, Andraz"]
[Black "Mircic, Ivan"]
[Result "1/2-1/2"]
[WhiteElo "2231"]
[BlackElo "2173"]
[PlyCount "56"]
[EventDate "2025.09.26"]
[WhiteTeam "SK NOVA GORICA"]
[BlackTeam "SK STARI MAYR KRANJ"]

1. e4 c5 2. Nf3 e6 3. b3 a6 4. Bb2 Nc6 5. c4 d6 6. Nc3 e5 7. g3 Nf6 8. Bg2 Be7
9. O-O O-O 10. Ne1 Nd4 11. Nc2 Nxc2 12. Qxc2 Bd7 13. f4 Ne8 14. Nd5 f6 15. b4
b6 16. Bc3 cxb4 17. Bxb4 Rb8 18. Rab1 Nc7 19. Qd3 Nxd5 20. Qxd5+ Kh8 21. Bxd6
Be6 22. Qxe6 Qxd6 23. Qxd6 Bxd6 24. Rfd1 Rfd8 25. Kf1 Kg8 26. Kg1 Kh8 27. Kf1
Kg8 28. Kg1 Kh8 1/2-1/2

[Event "I. CLANSKA LIGA ZAHOD 2025"]
[Site "Komenda"]
[Date "2025.10.25"]
[Round "8.4"]
[White "Djuric, Petar"]
[Black "Vicic, Mark"]
[Result "1-0"]
[WhiteElo "2167"]
[BlackElo "1855"]
[PlyCount "49"]
[EventDate "2025.09.26"]
[WhiteTeam "SK STARI MAYR KRANJ"]
[BlackTeam "SK NOVA GORICA"]

1. Nf3 b6 2. g3 Bb7 3. Bg2 e5 4. d3 g6 5. c4 Bg7 6. Nc3 Ne7 7. O-O O-O 8. Bd2
Nbc6 9. Ne1 Qc8 10. e3 f5 11. Nc2 d6 12. Qe2 Nd8 13. e4 Ne6 14. Nd5 Qe8 15.
exf5 Bxd5 16. cxd5 Nc5 17. b4 Nd7 18. fxg6 Qxg6 19. Ne3 Nf6 20. Rac1 Rac8 21.
Bh3 Ra8 22. Be6+ Kh8 23. Rxc7 Rfe8 24. Rfc1 Nh5 25. Nc4 1-0

[Event "I. CLANSKA LIGA ZAHOD 2025"]
[Site "Komenda"]
[Date "2025.10.25"]
[Round "8.4"]
[White "Podvrsnik, Marko"]
[Black "Lipuscek, Lev"]
[Result "1-0"]
[WhiteElo "2128"]
[BlackElo "1805"]
[PlyCount "89"]
[EventDate "2025.09.26"]
[WhiteTeam "SK STARI MAYR KRANJ"]
[BlackTeam "SK NOVA GORICA"]

1. d4 Nf6 2. Nf3 d5 3. c4 e6 4. Nc3 Bd6 5. g3 Nc6 6. Bg2 dxc4 7. Qa4 O-O 8.
Qxc4 Bd7 9. O-O Re8 10. e4 e5 11. d5 Ne7 12. h3 a6 13. a4 Ng6 14. Rd1 Qe7 15.
Qd3 h6 16. Nd2 Rab8 17. a5 Nh7 18. Nc4 h5 19. h4 Rf8 20. Ne3 Qf6 21. Qe2 Ne7
22. Qxh5 g6 23. Qe2 Kg7 24. Ng4 Bxg4 25. Qxg4 Ng8 26. Rd3 Qe7 27. Bf3 Ngf6 28.
Qh3 Rh8 29. Qg2 Nd7 30. h5 Nhf6 31. hxg6 fxg6 32. Bg5 Qf7 33. Rf1 Rh7 34. g4
Rbh8 35. Bd1 Nc5 36. Rf3 Be7 37. Bxf6+ Bxf6 38. g5 Rh1+ 39. Qxh1 Rxh1+ 40. Kxh1
Qd7 41. gxf6+ Kf7 42. Rg1 c6 43. b4 Nxe4 44. Nxe4 cxd5 45. Ng5+ 1-0

[Event "I. CLANSKA LIGA ZAHOD 2025"]
[Site "Komenda"]
[Date "2025.10.25"]
[Round "8.4"]
[White "Vicic, Maks"]
[Black "Bulatovic, Milorad"]
[Result "1/2-1/2"]
[WhiteElo "1640"]
[BlackElo "1933"]
[PlyCount "101"]
[EventDate "2025.09.26"]
[WhiteTeam "SK NOVA GORICA"]
[BlackTeam "SK STARI MAYR KRANJ"]

1. e4 c5 2. Nf3 Nc6 3. Bb5 g6 4. Nc3 Nd4 5. Nxd4 cxd4 6. Ne2 e5 7. Bc4 Nf6 8.
d3 Bg7 9. Bg5 h6 10. Bh4 g5 11. Bg3 d6 12. c3 dxc3 13. Qb3 O-O 14. Nxc3 a6 15.
a4 Nh5 16. f3 Nxg3 17. hxg3 Qa5 18. Ke2 Qd8 19. a5 Bd7 20. Bd5 Bc6 21. Qb6 Qd7
22. Rac1 Rfc8 23. Qe3 Rc7 24. Bc4 Rac8 25. Kd2 Kf8 26. Nd5 Bxd5 27. Bxd5 Rc5
28. b4 Rb5 29. Rxc8+ Qxc8 30. Rc1 Qd7 31. Rb1 Rxd5 32. exd5 Qa4 33. Qb6 Qa2+
34. Kc1 Qa3+ 35. Kd1 Qa4+ 36. Ke1 Kg8 37. Rc1 Qa3 38. Rc8+ Kh7 39. Qe3 Qxb4+
40. Kf1 f5 41. g4 Qxa5 42. gxf5 Bf6 43. Qc1 Bd8 44. Rb8 Qb6 45. Qc8 Qb1+ 46.
Kf2 Bb6+ 47. Ke2 Qb2+ 48. Kd1 Qb1+ 49. Qc1 Qxd3+ 50. Qd2 Qf1+ 51. Qe1 1/2-1/2

[Event "I. CLANSKA LIGA ZAHOD 2025"]
[Site "Komenda"]
[Date "2025.10.25"]
[Round "8.5"]
[White "Belyaletdinov, Leonard"]
[Black "Plaskan, Jure"]
[Result "0-1"]
[WhiteElo "2130"]
[BlackElo "2215"]
[PlyCount "120"]
[EventDate "2025.09.26"]
[WhiteTeam "TAJFUN - SK LJUBLJANA"]
[BlackTeam "SD DOMZALE"]

1. e4 c5 2. Nf3 e6 3. c4 Nc6 4. Nc3 Nf6 5. d4 cxd4 6. Nxd4 Bb4 7. Nxc6 bxc6 8.
Bd3 e5 9. O-O O-O 10. Bg5 h6 11. Bh4 Rb8 12. Kh1 Be7 13. b3 d6 14. f3 Be6 15.
Qc2 Nd7 16. Bf2 Qa5 17. a3 Rb7 18. b4 Qc7 19. Rfd1 a5 20. Rab1 axb4 21. axb4
Rfb8 22. b5 Ra8 23. Bf1 Bf8 24. Qd2 Nb6 25. bxc6 Qxc6 26. Nd5 Nd7 27. Rb4 Rbb8
28. Rdb1 Rc8 29. h3 Ra3 30. Rb7 Rca8 31. Qb4 Ra2 32. Kg1 R8a4 33. Qb5 Qc8 34.
Rc7 Qd8 35. Qb7 Ra1 36. Rxa1 Rxa1 37. h4 Nc5 38. Bxc5 dxc5 39. Rc6 Qxh4 40. Qb2
Qe1 41. Qf2 Qc1 42. Qe2 h5 43. Rb6 h4 44. Rb8 h3 45. Ne3 Qc3 46. Nd5 Qc1 47.
Ne3 g6 48. Kh2 hxg2 49. Kxg2 Kg7 50. Rb7 Ra3 51. Kf2 Kh7 52. Nd5 Qg5 53. Rb1
Qh4+ 54. Kg1 Bh6 55. Qf2 Qg5+ 56. Bg2 Rd3 57. Re1 Bh3 58. Re2 Rd1+ 59. Kh2 Bxg2
60. Qxg2 Qh4+ 0-1

[Event "I. CLANSKA LIGA ZAHOD 2025"]
[Site "Komenda"]
[Date "2025.10.25"]
[Round "8.5"]
[White "Debevec, Blaz"]
[Black "Glavac, Leo"]
[Result "1/2-1/2"]
[WhiteElo "2133"]
[BlackElo "1974"]
[PlyCount "105"]
[EventDate "2025.09.26"]
[WhiteTeam "SD DOMZALE"]
[BlackTeam "TAJFUN - SK LJUBLJANA"]

1. e4 e5 2. Nf3 Nc6 3. Bb5 Bc5 4. O-O d6 5. d4 exd4 6. Nxd4 Bd7 7. Nb3 Bb6 8.
Nc3 a6 9. Bd3 Nge7 10. Kh1 O-O 11. Bg5 f6 12. Bh4 Ne5 13. f4 Nxd3 14. cxd3 c6
15. d4 Qc7 16. f5 Rae8 17. Bg3 Bc8 18. Nc1 Kh8 19. N1e2 Qd8 20. d5 Bc7 21. Nf4
Bb8 22. Qh5 Kg8 23. Rad1 Qb6 24. Rd2 Qa5 25. Rfd1 Rf7 26. Qf3 cxd5 27. Nfxd5
Nc6 28. Ne3 Ne5 29. Bxe5 dxe5 30. Nc4 Qb4 31. Qe2 b5 32. Nd6 Bxd6 33. Rxd6 Qa5
34. a3 Bb7 35. Qe3 b4 36. axb4 Qxb4 37. Qb6 Qxb6 38. Rxb6 Rc7 39. Kg1 Ree7 40.
Rd8+ Kf7 41. Kf2 Rc8 42. Rdd6 Rc4 43. Ke3 a5 44. Kd3 Rec7 45. g4 R4c6 46. Rdxc6
Bxc6 47. Ra6 a4 48. Ke3 Be8 49. Kd2 Rc4 50. Ra7+ Kf8 51. h4 Rb4 52. Kc1 Bc6 53.
g5 1/2-1/2

[Event "I. CLANSKA LIGA ZAHOD 2025"]
[Site "Komenda"]
[Date "2025.10.25"]
[Round "8.5"]
[White "Krstic, David"]
[Black "Markosek, Bine"]
[Result "0-1"]
[WhiteElo "1974"]
[BlackElo "2020"]
[PlyCount "96"]
[EventDate "2025.09.26"]
[WhiteTeam "TAJFUN - SK LJUBLJANA"]
[BlackTeam "SD DOMZALE"]

1. Nf3 d5 2. g3 e6 3. c4 Nf6 4. Bg2 Nc6 5. O-O Be7 6. Qc2 O-O 7. d4 dxc4 8.
Qxc4 Nd5 9. e4 Nb6 10. Qd3 Bd7 11. a3 a5 12. Bf4 Bd6 13. Bxd6 cxd6 14. d5 exd5
15. exd5 Ne7 16. Nc3 Rc8 17. Nd2 Bf5 18. Qf3 Qd7 19. Qe3 Nc4 20. Nxc4 Rxc4 21.
Rfe1 Ng6 22. b3 Rcc8 23. Na4 Rce8 24. Qb6 Ne5 25. Qxa5 Bh3 26. Bh1 Qf5 27. f4
Nd3 28. Rxe8 Rxe8 29. Qd2 Qf6 30. Qc3 Qg6 31. Qd2 Bg4 32. Nc3 Nc5 33. Re1 Rc8
34. b4 Nd7 35. Bg2 Qf5 36. Be4 Qf6 37. Re3 Nb6 38. Qd3 h5 39. Qb5 Qd4 40. Qd3
Qf6 41. Bh7+ Kh8 42. Ne4 Qa1+ 43. Kg2 Nc4 44. h3 Nxe3+ 45. Qxe3 Rc2+ 46. Nf2
Re2 47. Qb6 Bxh3+ 48. Kf3 Qf1 0-1

[Event "I. CLANSKA LIGA ZAHOD 2025"]
[Site "Komenda"]
[Date "2025.10.25"]
[Round "8.5"]
[White "Markosek, Maj"]
[Black "Srebrnic, Vojko"]
[Result "1/2-1/2"]
[WhiteElo "1994"]
[BlackElo "1964"]
[PlyCount "78"]
[EventDate "2025.09.26"]
[WhiteTeam "SD DOMZALE"]
[BlackTeam "TAJFUN - SK LJUBLJANA"]

1. d4 Nf6 2. c4 d6 3. Nc3 e5 4. d5 a5 5. e4 Be7 6. f3 O-O 7. Be3 Na6 8. Nge2
Nd7 9. Qd2 Ndc5 10. g4 Bh4+ 11. Ng3 h6 12. O-O-O Bg5 13. Bxg5 Qxg5 14. h4 Qxd2+
15. Rxd2 g6 16. Rg1 Bd7 17. Rh2 Kg7 18. Kd2 Rh8 19. Be2 Nb4 20. Rf2 Rae8 21. f4
exf4 22. Rxf4 Re7 23. Rgf1 Be8 24. a3 Nba6 25. Bd1 Nd7 26. b3 Ne5 27. a4 Nc5
28. Nb5 Bxb5 29. cxb5 Ncd3 30. Rf6 b6 31. Be2 Nc5 32. Bd1 Ncd7 33. R6f4 Rhe8
34. Rh1 Nc5 35. Bc2 Ned7 36. Rhf1 Ne5 37. Rh1 Ncd7 38. Rhf1 Rh8 39. Kc3 Nc5
1/2-1/2

[Event "I. CLANSKA LIGA ZAHOD 2025"]
[Site "Komenda"]
[Date "2025.10.25"]
[Round "8.5"]
[White "Jaksa, Ema"]
[Black "Skok, Joze"]
[Result "1/2-1/2"]
[WhiteElo "1825"]
[BlackElo "1948"]
[PlyCount "97"]
[EventDate "2025.09.26"]
[WhiteTeam "TAJFUN - SK LJUBLJANA"]
[BlackTeam "SD DOMZALE"]

1. e4 c6 2. d4 d5 3. e5 Bf5 4. Nf3 e6 5. Be2 c5 6. c3 Nc6 7. O-O a5 8. Qb3 Qc7
9. a4 c4 10. Qd1 f6 11. Re1 fxe5 12. Nxe5 Nxe5 13. dxe5 Bc5 14. Nd2 Ne7 15. Nf3
O-O 16. h3 Nc6 17. b3 Qb6 18. Rf1 cxb3 19. Bb2 Be4 20. Qd2 Qc7 21. Ng5 Qxe5 22.
Nxe4 Qxe4 23. Bf3 Qg6 24. Bg4 Rae8 25. Qe2 Qf6 26. Rae1 e5 27. Qd2 d4 28. cxd4
exd4 29. Rxe8 Rxe8 30. Qd3 Ne5 31. Qxb3+ Qf7 32. Qb5 b6 33. Bd1 Qd7 34. Bb3+
Kf8 35. Qxd7 Nxd7 36. Rd1 Re4 37. Bd5 Re5 38. Bc6 Ke7 39. Bxd4 Bxd4 40. Rxd4
Re1+ 41. Kh2 Nc5 42. Kg3 Rb1 43. Bb5 Rb4 44. Rg4 g5 45. Kf3 Kf6 46. Ke3 Rb3+
47. Ke2 Rb2+ 48. Ke3 Rb3+ 49. Ke2 1/2-1/2

[Event "I. CLANSKA LIGA ZAHOD 2025"]
[Site "Komenda"]
[Date "2025.10.25"]
[Round "8.5"]
[White "Skube, Zan"]
[Black "Markus, David"]
[Result "1-0"]
[WhiteElo "1835"]
[BlackElo "1800"]
[PlyCount "125"]
[EventDate "2025.09.26"]
[WhiteTeam "SD DOMZALE"]
[BlackTeam "TAJFUN - SK LJUBLJANA"]

1. c4 Nf6 2. g3 e6 3. Bg2 d5 4. Nf3 Be7 5. O-O O-O 6. b3 Nbd7 7. Bb2 b6 8. d4
Bb7 9. Nc3 Rc8 10. Rc1 c5 11. Ne1 cxd4 12. Qxd4 Nc5 13. cxd5 exd5 14. Nf3 Ne6
15. Qd1 Ne4 16. Nb5 Rxc1 17. Qxc1 a6 18. Nbd4 Bf6 19. e3 Qd7 20. Nxe6 fxe6 21.
Ne5 Qd6 22. Qa1 Nc5 23. Rd1 Qe7 24. Bd4 Nd7 25. Rc1 Nxe5 26. Bxe5 Bxe5 27. Qxe5
Qf6 28. Qxf6 Rxf6 29. Kf1 Rf8 30. Ke2 Rc8 31. Rxc8+ Bxc8 32. Kd3 Kf7 33. Kd4
Kf6 34. f4 Bd7 35. Bf3 Bb5 36. b4 h6 37. h4 g6 38. Bd1 Ke7 39. a4 Bf1 40. Ke5
Bd3 41. Kd4 Bf1 42. g4 Kd6 43. a5 b5 44. Bc2 Bh3 45. Bxg6 Bxg4 46. e4 Bf3 47.
e5+ Kc6 48. f5 exf5 49. Bxf5 Bh5 50. Be6 Bf3 51. Bf7 Be4 52. Be8+ Kc7 53. Kc5
Bf3 54. Bf7 h5 55. Bxd5 Bxd5 56. Kxd5 Kd7 57. e6+ Ke7 58. Ke5 Ke8 59. Kf5 Ke7
60. Ke5 Ke8 61. Kf6 Kf8 62. Kg6 Ke7 63. Kxh5 1-0

[Event "I. CLANSKA LIGA ZAHOD 2025"]
[Site "Komenda"]
[Date "2025.10.26"]
[Round "9.1"]
[White "Plaskan, Jure"]
[Black "Skoberne, Jure"]
[Result "0-1"]
[WhiteElo "2215"]
[BlackElo "2546"]
[PlyCount "88"]
[EventDate "2025.09.26"]
[WhiteTeam "SD DOMZALE"]
[BlackTeam "SD POSOCJE"]

1. e4 c5 2. Nf3 Nc6 3. d4 cxd4 4. Nxd4 Nf6 5. Nc3 e5 6. Ndb5 d6 7. Bg5 a6 8.
Na3 b5 9. Nd5 Be7 10. Bxf6 Bxf6 11. c4 b4 12. Nc2 a5 13. Qf3 Be6 14. Rd1 O-O
15. Be2 Be7 16. Qd3 Bg5 17. g4 a4 18. h4 Bf4 19. Kf1 Qa5 20. a3 bxa3 21. Qxa3
Qc5 22. Nxf4 exf4 23. Rxd6 Qxa3 24. Nxa3 Ne5 25. Kg2 Rfb8 26. Rd2 Rb3 27. f3
Rab8 28. Ra1 Rxb2 29. Rxb2 Rxb2 30. Kf1 Kf8 31. c5 Ke7 32. Ke1 Kd7 33. Rc1 Kc6
34. Rc3 Rb3 35. Kd2 Rxc3 36. Kxc3 Kxc5 37. Nb1 Ba2 38. Na3 Bb3 39. Nb1 Nc4 40.
Bd3 f5 41. Be2 Ba2 42. Bd3 Bxb1 43. Bxb1 Ne5 44. Ba2 a3 0-1

[Event "I. CLANSKA LIGA ZAHOD 2025"]
[Site "Komenda"]
[Date "2025.10.26"]
[Round "9.1"]
[White "Jovanovic, Zoran"]
[Black "Debevec, Blaz"]
[Result "1/2-1/2"]
[WhiteElo "2500"]
[BlackElo "2133"]
[PlyCount "178"]
[EventDate "2025.09.26"]
[WhiteTeam "SD POSOCJE"]
[BlackTeam "SD DOMZALE"]

1. e4 e5 2. Nf3 Nc6 3. Bc4 Nf6 4. d3 Bc5 5. Nc3 h6 6. Be3 Bb6 7. Nd5 d6 8. a4
Nxd5 9. Bxd5 Be6 10. Bxe6 fxe6 11. c3 Bxe3 12. fxe3 Qe7 13. O-O O-O 14. b4 Nd8
15. Qe1 Nf7 16. Qg3 Ng5 17. Nd2 Rxf1+ 18. Rxf1 Rf8 19. Re1 Nh7 20. b5 Qg5 21.
Qxg5 Nxg5 22. Nc4 Nf7 23. d4 exd4 24. exd4 Re8 25. Na5 Nd8 26. Kf2 Kf7 27. Ke3
Ke7 28. c4 Rf8 29. Rc1 b6 30. Nc6+ Nxc6 31. bxc6 g5 32. a5 d5 33. cxd5 exd5 34.
e5 Rg8 35. Kd3 Rg6 36. Rc3 g4 37. axb6 axb6 38. g3 Ke6 39. Ke3 Kf5 40. Rc2 Re6
41. Kd3 Rg6 42. Rf2+ Kg5 43. Rf7 Rxc6 44. Rd7 Rc1 45. Rxd5 Kf5 46. Rd7 Ke6 47.
Rh7 Kd5 48. Rd7+ Ke6 49. Rd8 Re1 50. Rc8 Kd7 51. Rh8 c5 52. Rh7+ Ke6 53. Rxh6+
Kf5 54. Rf6+ Kg5 55. Rxb6 Rd1+ 56. Kc4 cxd4 57. Kc5 Rd2 58. Rf6 Rxh2 59. Rf8
Rc2+ 60. Kxd4 Rd2+ 61. Kc4 Re2 62. Kd4 Rd2+ 63. Ke3 Rd1 64. Ke4 Re1+ 65. Kd5
Rd1+ 66. Ke6 Rd3 67. Rg8+ Kh5 68. Kf5 Rf3+ 69. Ke4 Rxg3 70. e6 Rg1 71. e7 Re1+
72. Kf5 Rf1+ 73. Ke6 Re1+ 74. Kf6 Rf1+ 75. Ke6 Re1+ 76. Kd6 Kh4 77. Rh8+ Kg3
78. e8=Q Rxe8 79. Rxe8 Kf2 80. Rf8+ Ke3 81. Rg8 Kf3 82. Ke5 g3 83. Rf8+ Ke3 84.
Ra8 g2 85. Ra3+ Kf2 86. Kf4 g1=Q 87. Ra2+ Kf1 88. Ra1+ Kf2 89. Rxg1 Kxg1
1/2-1/2

[Event "I. CLANSKA LIGA ZAHOD 2025"]
[Site "Komenda"]
[Date "2025.10.26"]
[Round "9.1"]
[White "Markosek, Bine"]
[Black "Srebrnic, Marko"]
[Result "0-1"]
[WhiteElo "2020"]
[BlackElo "2331"]
[PlyCount "62"]
[EventDate "2025.09.26"]
[WhiteTeam "SD DOMZALE"]
[BlackTeam "SD POSOCJE"]

1. e4 c5 2. Nf3 e6 3. c3 Nf6 4. e5 Nd5 5. d4 cxd4 6. cxd4 d6 7. Bc4 Be7 8. O-O
Nc6 9. Re1 O-O 10. h3 Bd7 11. Bxd5 exd5 12. Nc3 Be6 13. Bf4 dxe5 14. Nxe5 Rc8
15. Nxc6 Rxc6 16. Qd2 Qd7 17. Re3 Rfc8 18. Rg3 f6 19. Re1 Bf8 20. Qe2 Bf7 21.
Qd2 Rc4 22. b3 R4c6 23. Qb2 Bb4 24. Bd2 Bd6 25. Rf3 a6 26. Rc1 Qe7 27. Re3 Ba3
28. Qa1 Qb4 29. Nxd5 Qxd2 30. Rxc6 Rxc6 31. Ne7+ Bxe7 0-1

[Event "I. CLANSKA LIGA ZAHOD 2025"]
[Site "Komenda"]
[Date "2025.10.26"]
[Round "9.1"]
[White "Biti, Ozren"]
[Black "Markosek, Maj"]
[Result "1/2-1/2"]
[WhiteElo "2270"]
[BlackElo "1994"]
[PlyCount "66"]
[EventDate "2025.09.26"]
[WhiteTeam "SD POSOCJE"]
[BlackTeam "SD DOMZALE"]

1. e4 e5 2. Nf3 Nc6 3. Bc4 Bc5 4. d3 Nf6 5. Nc3 h6 6. Be3 Bb6 7. Nd5 d6 8. a4
Nxd5 9. Bxd5 Ne7 10. Bb3 Be6 11. Bxe6 fxe6 12. a5 Bxe3 13. fxe3 Ng6 14. c3 O-O
15. Qb3 Qd7 16. O-O c6 17. d4 exd4 18. exd4 d5 19. Qc2 dxe4 20. Qxe4 Rf6 21. c4
a6 22. g3 Raf8 23. Kg2 Qd6 24. c5 Qd8 25. h4 Ne7 26. h5 Qe8 27. Qe5 Nd5 28. Nh4
Qf7 29. Rxf6 Qxf6 30. Qxf6 Nxf6 31. Re1 Re8 32. Re5 Ng4 33. Re4 Nf6 1/2-1/2

[Event "I. CLANSKA LIGA ZAHOD 2025"]
[Site "Komenda"]
[Date "2025.10.26"]
[Round "9.1"]
[White "Skube, Zan"]
[Black "Beletic, Danijel"]
[Result "1/2-1/2"]
[WhiteElo "1835"]
[BlackElo "2269"]
[PlyCount "60"]
[EventDate "2025.09.26"]
[WhiteTeam "SD DOMZALE"]
[BlackTeam "SD POSOCJE"]

1. c4 e6 2. g3 Nf6 3. Bg2 d5 4. Nf3 Be7 5. O-O O-O 6. b3 d4 7. e3 c5 8. Ne5
Nfd7 9. Nxd7 Qxd7 10. exd4 Qxd4 11. Nc3 Rd8 12. Qe2 Nc6 13. Ba3 Nb4 14. Rad1
Nd3 15. Qe3 h6 16. Be4 Ne5 17. Nb5 Qxe3 18. dxe3 Bd7 19. Bxb7 Rab8 20. Bg2 Bxb5
21. cxb5 Rxb5 22. Rxd8+ Bxd8 23. Rd1 Bf6 24. Bb2 Ra5 25. Bxe5 Bxe5 26. Rd2 Ra6
27. Bf1 Ra5 28. Bg2 Ra6 29. Bf1 Ra5 30. Bg2 Ra6 1/2-1/2

[Event "I. CLANSKA LIGA ZAHOD 2025"]
[Site "Komenda"]
[Date "2025.10.26"]
[Round "9.1"]
[White "Rutar, Ales"]
[Black "Osolin, Bogdan"]
[Result "1/2-1/2"]
[WhiteElo "1698"]
[BlackElo "1904"]
[PlyCount "40"]
[EventDate "2025.09.26"]
[WhiteTeam "SD POSOCJE"]
[BlackTeam "SD DOMZALE"]

1. e4 Nc6 2. d4 d5 3. exd5 Qxd5 4. Nf3 e5 5. c4 Qe4+ 6. Be3 exd4 7. Nxd4 Nxd4
8. Qxd4 Qxd4 9. Bxd4 Bf5 10. Be2 Bxb1 11. Rxb1 Bb4+ 12. Kf1 Nf6 13. Bxf6 gxf6
14. a3 Bc5 15. b4 Bd4 16. Bf3 Rb8 17. Be2 Ra8 18. Bf3 Rb8 19. Be2 Ra8 20. Bf3
Rb8 1/2-1/2

[Event "I. CLANSKA LIGA ZAHOD 2025"]
[Site "Komenda"]
[Date "2025.10.26"]
[Round "9.2"]
[White "Zamar Kodelja, Jurij"]
[Black "Belyaletdinov, Leonard"]
[Result "0-1"]
[WhiteElo "2232"]
[BlackElo "2130"]
[PlyCount "86"]
[EventDate "2025.09.26"]
[WhiteTeam "SK NOVA GORICA"]
[BlackTeam "TAJFUN - SK LJUBLJANA"]

1. Nf3 Nf6 2. g3 d5 3. Bg2 e6 4. O-O Bd6 5. d3 O-O 6. Nbd2 c5 7. e4 Bc7 8. Re1
Nc6 9. c3 b6 10. e5 Nd7 11. d4 f6 12. exf6 Qxf6 13. Nf1 Kh8 14. Ne3 Ne7 15. Ng4
Qf5 16. Nh4 Qf7 17. f4 Nf6 18. Nxf6 Qxf6 19. dxc5 bxc5 20. Qe2 Rb8 21. Nf3 Nf5
22. Ng5 c4 23. Kh1 Bb6 24. Bd2 Qh6 25. Qf3 d4 26. cxd4 Bb7 27. Qg4 Bxg2+ 28.
Kxg2 Bxd4 29. Rab1 Qg6 30. Qe2 e5 31. Nf3 Qc6 32. Rec1 exf4 33. Qxc4 Qe4 34.
Re1 Ne3+ 35. Bxe3 fxe3 36. Qxd4 Qxf3+ 37. Kg1 e2 38. Rbc1 Rbc8 39. Rb1 Rcd8 40.
Qc3 Qf2+ 41. Kh1 Qf1+ 42. Rxf1 Rxf1+ 43. Rxf1 exf1=Q# 0-1

[Event "I. CLANSKA LIGA ZAHOD 2025"]
[Site "Komenda"]
[Date "2025.10.26"]
[Round "9.2"]
[White "Glavac, Leo"]
[Black "Gregoric, Andraz"]
[Result "1/2-1/2"]
[WhiteElo "1974"]
[BlackElo "2231"]
[PlyCount "119"]
[EventDate "2025.09.26"]
[WhiteTeam "TAJFUN - SK LJUBLJANA"]
[BlackTeam "SK NOVA GORICA"]

1. e4 e5 2. Nf3 Nc6 3. Bb5 a6 4. Ba4 Nf6 5. d3 d6 6. c3 g6 7. O-O Bg7 8. Re1
O-O 9. h3 b5 10. Bb3 h6 11. a4 b4 12. Bd2 Rb8 13. d4 bxc3 14. bxc3 exd4 15.
cxd4 Re8 16. Nc3 Nd7 17. Be3 Na5 18. Ba2 Nb6 19. Qd3 Qf6 20. Rac1 Nc6 21. e5
Qf5 22. Qxf5 Bxf5 23. exd6 cxd6 24. Nd5 Nxd5 25. Bxd5 Nb4 26. Bc4 d5 27. Bf1
Nd3 28. Bxd3 Bxd3 29. Ne5 Rb3 30. Nxd3 Rxd3 31. Red1 Rxd1+ 32. Rxd1 Rc8 33. Rb1
Rc4 34. Rb8+ Kh7 35. Rd8 Bxd4 36. Bxd4 Rxd4 37. a5 Rd1+ 38. Kh2 Rd2 39. Rd6
Rxf2 40. Rxa6 Ra2 41. Ra8 Kg7 42. a6 d4 43. Rd8 Rxa6 44. Rxd4 Ra3 45. h4 Ra6
46. Rb4 f5 47. Rb7+ Kf6 48. Rh7 Ra4 49. Kh3 Ra3+ 50. Kh2 h5 51. g3 Ra6 52. Rb7
f4 53. Kg2 fxg3 54. Kxg3 Ra3+ 55. Kg2 Re3 56. Rb6+ Kf5 57. Ra6 Re6 58. Ra5+ Kf4
59. Ra4+ Re4 60. Ra6 1/2-1/2

[Event "I. CLANSKA LIGA ZAHOD 2025"]
[Site "Komenda"]
[Date "2025.10.26"]
[Round "9.2"]
[White "Markocic, Tine"]
[Black "Krstic, David"]
[Result "1/2-1/2"]
[WhiteElo "2110"]
[BlackElo "1974"]
[PlyCount "34"]
[EventDate "2025.09.26"]
[WhiteTeam "SK NOVA GORICA"]
[BlackTeam "TAJFUN - SK LJUBLJANA"]

1. c4 Nf6 2. Nc3 c5 3. Nf3 g6 4. d4 cxd4 5. Nxd4 Bg7 6. e3 O-O 7. Qb3 Nc6 8.
Be2 d6 9. O-O e5 10. Nc2 e4 11. Rd1 Qe7 12. Nb4 Ng4 13. h3 Nxf2 14. Kxf2 Qh4+
15. g3 Qxh3 16. Rg1 Nd4 17. Qd1 Be5 1/2-1/2

[Event "I. CLANSKA LIGA ZAHOD 2025"]
[Site "Komenda"]
[Date "2025.10.26"]
[Round "9.2"]
[White "Srebrnic, Vojko"]
[Black "Vicic, Mark"]
[Result "1/2-1/2"]
[WhiteElo "1964"]
[BlackElo "1855"]
[PlyCount "85"]
[EventDate "2025.09.26"]
[WhiteTeam "TAJFUN - SK LJUBLJANA"]
[BlackTeam "SK NOVA GORICA"]

1. f4 f5 2. Nf3 Nf6 3. g3 g6 4. Bg2 Bg7 5. O-O O-O 6. d3 c5 7. c3 d5 8. Ne5 e6
9. Nd2 Nfd7 10. Nxd7 Bxd7 11. e4 Bc6 12. e5 b5 13. Nb3 Qb6 14. Be3 Nd7 15. Qc2
Rfc8 16. Qf2 Bf8 17. Nd2 Qc7 18. Nf3 c4 19. Ng5 Re8 20. d4 a5 21. h3 b4 22. g4
bxc3 23. bxc3 Rab8 24. Rab1 h6 25. Nf3 Rb6 26. Qc2 Reb8 27. Nd2 Ba3 28. Rxb6
Rxb6 29. Rb1 Qb7 30. Rxb6 Qxb6 31. Bf3 Qb2 32. Qxb2 Bxb2 33. Nxc4 Bxc3 34. Nd6
Ba4 35. Be2 Nb8 36. Bb5 Bxb5 37. Nxb5 Bb2 38. Kf2 a4 39. Bd2 Nc6 40. Ke3 Kf7
41. Kd3 Ke8 42. Bc3 Bc1 43. Bd2 1/2-1/2

[Event "I. CLANSKA LIGA ZAHOD 2025"]
[Site "Komenda"]
[Date "2025.10.26"]
[Round "9.2"]
[White "Vicic, Maks"]
[Black "Levacic, Matic"]
[Result "1/2-1/2"]
[WhiteElo "1640"]
[BlackElo "1875"]
[PlyCount "39"]
[EventDate "2025.09.26"]
[WhiteTeam "SK NOVA GORICA"]
[BlackTeam "TAJFUN - SK LJUBLJANA"]

1. e4 e6 2. d4 d5 3. exd5 exd5 4. Bd3 Nf6 5. Bg5 Bd6 6. Nf3 O-O 7. O-O c6 8. c3
Bg4 9. Nbd2 Nbd7 10. Qc2 Qc7 11. Rae1 Rfe8 12. Qb1 b6 13. Bh4 c5 14. Bg3 Bxg3
15. hxg3 g6 16. Rxe8+ Rxe8 17. Re1 c4 18. Rxe8+ Nxe8 19. Qe1 Nd6 20. Bc2
1/2-1/2

[Event "I. CLANSKA LIGA ZAHOD 2025"]
[Site "Komenda"]
[Date "2025.10.26"]
[Round "9.3"]
[White "Gantar, Jan"]
[Black "Feinig, Mario"]
[Result "1/2-1/2"]
[WhiteElo "2178"]
[BlackElo "2192"]
[PlyCount "61"]
[EventDate "2025.09.26"]
[WhiteTeam "SK KOMENDA"]
[BlackTeam "SK STARI MAYR KRANJ"]

1. e4 c6 2. d4 d5 3. exd5 cxd5 4. Bd3 Nc6 5. c3 Nf6 6. h3 e5 7. dxe5 Nxe5 8.
Nf3 Nxd3+ 9. Qxd3 Bd6 10. O-O O-O 11. Bg5 h6 12. Bh4 g5 13. Bg3 Nh5 14. Nd4 f5
15. Bxd6 Qxd6 16. Na3 Bd7 17. Nab5 Qb6 18. a4 a6 19. Na3 Nf4 20. Qc2 Rae8 21.
Rae1 Qf6 22. Qb3 Bc6 23. Nac2 g4 24. hxg4 fxg4 25. Rxe8 Rxe8 26. Ne3 Qg5 27.
Qd1 Bd7 28. a5 Re4 29. Re1 h5 30. Nf1 Qe7 31. Rxe4 1/2-1/2

[Event "I. CLANSKA LIGA ZAHOD 2025"]
[Site "Komenda"]
[Date "2025.10.26"]
[Round "9.3"]
[White "Mircic, Ivan"]
[Black "Lucovnik, Tilen"]
[Result "1/2-1/2"]
[WhiteElo "2173"]
[BlackElo "2154"]
[PlyCount "61"]
[EventDate "2025.09.26"]
[WhiteTeam "SK STARI MAYR KRANJ"]
[BlackTeam "SK KOMENDA"]

1. Nf3 d5 2. g3 Nf6 3. Bg2 e6 4. O-O c5 5. d4 Nc6 6. c4 Be7 7. Nc3 dxc4 8. Qa4
O-O 9. dxc5 Qa5 10. Qxc4 Qxc5 11. Qxc5 Bxc5 12. b3 Rd8 13. Bb2 Bd7 14. Rac1 Be7
15. Rfd1 Be8 16. Kf1 Kf8 17. h3 Rac8 18. Ne1 Rxd1 19. Nxd1 Bd7 20. Nd3 Nd8 21.
Ne5 Rxc1 22. Nxd7+ Nxd7 23. Bxc1 Bb4 24. a3 Bc5 25. Ke1 Ke7 26. Kd2 a6 27. b4
Bb6 28. Kc3 Nc6 29. Bxc6 bxc6 30. Be3 Kd6 31. Nb2 1/2-1/2

[Event "I. CLANSKA LIGA ZAHOD 2025"]
[Site "Komenda"]
[Date "2025.10.26"]
[Round "9.3"]
[White "Zidar, Jernej"]
[Black "Djuric, Petar"]
[Result "1-0"]
[WhiteElo "2036"]
[BlackElo "2167"]
[PlyCount "61"]
[EventDate "2025.09.26"]
[WhiteTeam "SK KOMENDA"]
[BlackTeam "SK STARI MAYR KRANJ"]

1. d4 Nf6 2. c4 e6 3. g3 d5 4. Bg2 Be7 5. Nf3 O-O 6. O-O Nbd7 7. Qc2 c6 8. Nbd2
a5 9. e4 dxe4 10. Nxe4 Nxe4 11. Qxe4 Nf6 12. Qe2 a4 13. Rd1 Qa5 14. Ne5 Ra6 15.
h4 Nd7 16. Ng4 Re8 17. h5 Bg5 18. d5 Bxc1 19. Raxc1 f5 20. Ne3 Nf6 21. dxc6
bxc6 22. c5 Bd7 23. Nc4 Qb5 24. Qe5 Qb8 25. h6 Qxe5 26. Nxe5 Re7 27. Rd6 gxh6
28. Bxc6 Be8 29. Bxe8 Rxd6 30. cxd6 Rxe8 31. d7 1-0

[Event "I. CLANSKA LIGA ZAHOD 2025"]
[Site "Komenda"]
[Date "2025.10.26"]
[Round "9.3"]
[White "Kersic, Matej"]
[Black "Juhant, Igor"]
[Result "1-0"]
[WhiteElo "2054"]
[BlackElo "1972"]
[PlyCount "41"]
[EventDate "2025.09.26"]
[WhiteTeam "SK STARI MAYR KRANJ"]
[BlackTeam "SK KOMENDA"]

1. e4 c6 2. d4 d5 3. e5 Bf5 4. Nf3 e6 5. Be2 c5 6. O-O Nc6 7. Be3 Nge7 8. dxc5
Qc7 9. Bd4 Nxd4 10. Nxd4 Qxc5 11. c3 a6 12. Qa4+ Nc6 13. Bb5 Kd7 14. Bxc6+ bxc6
15. Nxf5 exf5 16. Qf4 g6 17. Re1 Bg7 18. Nd2 Qe7 19. c4 Rhe8 20. cxd5 Bxe5 21.
Qa4 1-0